Statistiques concernant Paroles - Miss Maggie - Renaud

Cliquez ici pour prendre le quiz!

Statistiques générales

  • Ce quiz a été pris 511 fois
  • Le résultat moyen est 332 sur 406

Statistiques - réponses

Paroles% Correct
Madame
99%
à
98%
A
98%
a
98%
Femme,
98%
Femme
98%
femme
98%
Le
98%
le
98%
de
97%
bien
96%
Et
96%
et
96%
Je
96%
je
96%
96%
la
96%
part,
96%
part
96%
peu
96%
des
95%
du
95%
les
95%
Les
95%
que
95%
Que
95%
sur
95%
sûr,
95%
au
94%
me
94%
Ou
94%
ou
94%
peut-être,
94%
Qui
94%
qui
94%
qui,
94%
Thatcher
93%
en
92%
mon
92%
ne
92%
se
92%
ta
92%
pas
91%
Pas
91%
pas,
91%
un
91%
Ces
90%
ces
90%
con
90%
Femmes
90%
monde
90%
putain
90%
sa
90%
son
90%
une
90%
Une
90%
même
89%
Même
89%
aucune
88%
Aucune
88%
jamais
88%
plus
88%
Pour
88%
pour
88%
s'ra
87%
vous
87%
leur
86%
frère
85%
Y
85%
aime
84%
comme
84%
Comme
84%
guerre
84%
planète
84%
putains
84%
dans
83%
Dans
83%
mêmes
83%
ni
83%
t'aime,
83%
t'aime
83%
tout
83%
êtes
82%
hommes
82%
Parce
82%
parce
82%
Si
82%
si
82%
souvent,
82%
veux
82%
connes
81%
dernière
81%
Tu
81%
femelle
80%
vu
80%
c'est
78%
C'est
78%
guerrière
78%
n'a
78%
quelques
78%
vers
78%
Car
77%
chien
77%
n'est
77%
sang
77%
tes
77%
arme
76%
dédier
76%
Grande-Bretagne
76%
mains
76%
réverbère
76%
Terre
76%
assez
75%
genre,
75%
tous
75%
aussi
74%
d'un
74%
malhonnête
74%
morale
74%
quotidien
74%
supporters
74%
Femelles
73%
pisse
73%
boudins
72%
d'Amérique
72%
dégoût
72%
flingue
72%
hordes
72%
Indiens
72%
loin
72%
changerai
71%
gonzesses
71%
gonzesses,
71%
Quand
71%
quand
71%
cette
70%
d'une
70%
Fait
70%
Moi
70%
sont
70%
atomique
69%
bombe
69%
crétins
69%
feu
69%
Issus
69%
masculin
69%
m'offrirai
69%
ovaires
69%
stars
69%
vue
69%
auto-radio
68%
celui
68%
cons
68%
frissonner
68%
queue
68%
torero
68%
vert
68%
bleu
67%
doigt
67%
féminin
67%
hooligans
67%
leurs
67%
SS,
67%
cerveau
66%
génocide
66%
haut
66%
J'ai
66%
rivaliser
66%
tour
66%
enfin
65%
jusqu'à
65%
Qu'est
65%
sauver
65%
vas
65%
entre
64%
vont
64%
bras
63%
flinguer
63%
frères
63%
mourir
63%
Qu'un
63%
salauds
63%
sortie
63%
tendu
63%
vulgaire
63%
bière
62%
foot
62%
Insultant
62%
normales,
62%
cognent
61%
d'humanité
61%
peux
61%
revolver
61%
assassins
60%
bagnole
60%
fière,
60%
Jouant
60%
sport
60%
yeux
60%
peuplé
59%
rester
59%
deviens
58%
devient
58%
d'honneur
58%
invulnérable
58%
minable
58%
pauvres
58%
pognes
58%
sentir
58%
amoché
57%
Arméniens
57%
astiquer
57%
fond
57%
haine
57%
meurtrières
57%
rangs
57%
tarés
57%
viendra
57%
Imbéciles
56%
l'heure
56%
phare
56%
tourterelle
56%
Abreuvés
55%
fanatiques
55%
force
55%
Lorsque
55%
Palestiniens
55%
qu'eux
55%
tombeaux
55%
chasseurs
54%
fous
54%
l'homme
54%
témoignent
54%
tient
54%
faiblesse
53%
furieux
53%
surtout,
53%
dégomment
52%
L'enfer
52%
Déifiant
50%
l'employer
49%
occasionnellement
49%
beurs
46%

Distribution des résultats

Percentile par nombre de réponses

% des personnes avec chaque résultat

Votre développement - résultats

Vous n’avez pas pris ce quiz